Movies Quiz

Random Movies or Blitz Quiz

Movie Counting Blitz Quiz Stats

 Plays Quiz Updated Feb 7, 2013

Challenge
Share
Tweet
Embed
Score 0/28 Timer 03:00
0 Plays Today
How many... Number % Correct
...dalmatians did Cruella want to kill?101
97.2%
...flew over the cuckoo's nest?1
94.5%
...weddings were there (ignore the funeral)4
92.7%
...first dates did Adam Sandler go on?50
89.3%
...candles were there on Molly Ringwald's cake?16
88.9%
...Spartans led a doomed stand at Thermopylae?300
87.4%
...degrees of separation are there?6
80.1%
...dresses did Katherine Heigl have?27
75.9%
...smoking barrels (along with the lock/stock)?2
71.2%
...leagues under the sea was Kirk Douglas?20,000
66%
...days were there of Tom dating Summer?(500)
64.9%
...monkeys made up the titular army?12
60.4%
...magnificent gunmen fought Eli Wallach?7
59.1%
...hours was Aron Ralston under that rock?127
57%
How many... Number % Correct
...days later did Cillian Murphy awake?28
55.1%
...many hours did Nolte and Murphy team up for?48
54.5%
...little Indians were there?10
54.2%
...days and nights did Josh Hartnett abstain?40
53.8%
...hours do the Party People stay up?24
48.8%
...heads were in that duffel bag?8
47.2%
...easy pieces did Jack Nicholson know how to play?5
43.5%
...coins were in that fountain?3
35.1%
...grams did Sean Penn say our souls weigh?21
34%
...steps in the Hitchcock thriller?39
33.4%
...days of night did the vampires feast in Alaska?30
33%
...weeks were Rourke and Basinger a steamy item?9 1/2
32.3%
...miles from Graceland were Costner and Russell?3000
25.5%
...blows were there? (it's a French idiom, relax)400
9%

You're not logged in!

Compare scores with friends on all Sporcle quizzes.
Join for Free
OR
Log In

You Might Also Like...

Show Comments

Extras

Top Quizzes Today


Score Distribution

Your Account Isn't Verified!

In order to create a playlist on Sporcle, you need to verify the email address you used during registration. Go to your Sporcle Settings to finish the process.

Report this User

Report this user for behavior that violates our Community Guidelines.

Details: